Normal view
MARC view
- Hammad,Umar
Entry Personal Name
001 - CONTROL NUMBER
- control field: 5087
003 - CONTROL NUMBER IDENTIFIER
- control field: NUST
005 - DATE AND TIME OF LATEST TRANSACTION
- control field: 20170928133154.0
008 - FIXED-LENGTH DATA ELEMENTS
- fixed length control field: 170928|| aca||aabn | a|a d
040 ## - CATALOGING SOURCE
- Original cataloging agency: NUST
- Transcribing agency: NUST
100 ## - HEADING--PERSONAL NAME
- Personal name: Hammad,Umar
670 ## - SOURCE DATA FOUND
- Source citation: Work cat.: (NUST): Hammad,Umar, Debt relief for emerging economies: an empirical investigation, 2014
